000 01233nam a2200229Ia 4500
001 L200-51937
003 IT-CnALBA
008 170116s9999||||xx |||||||||||||| ||und||
040 _aIT-CnALBA
_cIT-CnALBA
041 _aITALIANO
100 _aTUROLDO DAVID MARIA
245 0 _aIL VANGELO DI GIOVANNI. GUIDA ALLA COMPRENSIONE DEI TESTI.
250 _a6a ed.
260 _aMILANO
_bRUSCONI, EDITORE
_c1997 [1° Ed.:1997 - Ed.Ling.Originale: 1988]
300 _a190 p.
500 _aPERCHÈ IL IV VANGELO? IL PRINCIPIO ERA IL VERBO. CONFRONTO CON GLI ALTRI VANGELI. REALISMO DEL IV VANGELO. FEDE IN CRISTO PER LA VITA. IL TEMPO E L'ETERNO. VITA ETERNA. VERITÀ E LIBERTÀ. EROS AGAPE. EPIFANIE DELL'AMORE. PROMESSA DELLA GLORIA PER L'UOMO. S
501 _aSocietà San Paolo EM - Piazza San Paolo, 14 - 12051 ALBA (CN) (non commercial uses only) ® Copyright 2017
520 _aPERCHÈ IL IV VANGELO? IL PRINCIPIO ERA IL VERBO. CONFRONTO CON GLI ALTRI VANGELI. REALISMO DEL IV VANGELO. FEDE IN CRISTO PER LA VITA. IL TEMPO E L'ETERNO. VITA ETERNA. VERITÀ E LIBERTÀ. EROS AGAPE. EPIFANIE DELL'AMORE. PROMESSA DELLA GLORIA PER L'UOMO. S
650 _aRELIGIONE - RELIGIONE CRISTIANA
942 _cBK
957 _71
999 _a68541
_bNO
_g Copie: 1
_c310819
_d310819